Backseat Freestyle - Kendrick Lamar (All Lyrics) - Statistics

General Stats
  • This quiz has been taken 207 times
  • The average score is 360 of 546
Answer Stats
Hint Answer % Correct
x2 a
100%
I
100%
my
98%
My
98%
an
96%
the
96%
dick
95%
to
95%
Chorus All
94%
all
94%
and
94%
And
94%
as
94%
big
94%
for
94%
fuck
94%
ho
94%
hours
94%
life
94%
Tower
94%
when,
94%
win,
94%
money
93%
who,
93%
Eiffel
92%
pray
92%
So
92%
so
92%
two
92%
world
92%
can
91%
get
91%
go
91%
x3 Go
91%
seventy
91%
want
91%
power
88%
mind
86%
"K,
85%
die
84%
Respect
84%
damn,
81%
damn
81%
Damn
81%
x2 dream
80%
x2 Martin
80%
x2 had
79%
Kendrick
79%
or
79%
or,
79%
from
77%
have
76%
shower
73%
in
70%
in,
70%
I'm
68%
is
67%
on
67%
feel
66%
amazin',
65%
bitches
65%
bitches:
65%
bitches,
65%
lead
65%
9
62%
Post Chorus 1 | PostChorus 1 | PostChorus 2 | Verse1 Goddamn
62%
got
62%
cloud
61%
nine
61%
that
59%
That
59%
never
58%
livin'
57%
Matrix
55%
it
54%
x2 vroom
54%
vacation
53%
wifey,
53%
girlfriend
52%
this
52%
This
52%
no
51%
x3 No
51%
Maserati
49%
nigga,
49%
racin'
49%
you
49%
do
45%
mistress
45%
Intro Uh,
45%
they
43%
They
43%
up
42%
her
41%
Start
41%
don't
40%
me
38%
naked
37%
pop
37%
find
36%
Chicken
35%
niggas
35%
lobby
34%
Poppin'
34%
poppin'
34%
time
34%
Judas
33%
of
33%
pussy
33%
pills
32%
twenty
32%
but
31%
if
31%
shooters
31%
x3 way,
31%
yessir
31%
dresser,
30%
it's
30%
It's
30%
live
30%
after
29%
ass,
29%
ass
29%
be
29%
hatin',
29%
Jesus
29%
need
29%
body
28%
Christ,
28%
Church's
28%
embarrassed
28%
losers,
28%
Park
28%
Biatch!
27%
x3 biatch!
27%
cum
27%
fast,
27%
fast
27%
knees
27%
five
26%
make
26%
measure
26%
next
26%
ruler
26%
what
25%
what,
25%
couldn't
24%
fire
24%
front
24%
lighters
24%
Put
24%
roll
24%
winnin',
24%
ain't
23%
like
23%
(Okay),
23%
(Okay)
23%
Okay
23%
pussies
23%
screamin'
23%
She
23%
stretcher
22%
marry
21%
run
20%
run,
20%
scrotum
20%
cast
19%
How
19%
Verse2 I've
19%
rollin',
18%
say,
18%
since
18%
record
17%
with
17%
y'all,
17%
your
17%
been
16%
goes
16%
good
16%
impress
16%
Killin'
16%
x3 play,
16%
recognize
16%
where
16%
everything
15%
relay
15%
wantin'
15%
here
14%
race
14%
voice
14%
C-O-M-P-T-O-N,
13%
golden,
13%
holdin'
13%
Howard
13%
imposin'
13%
Outro Let
13%
Lueders,
13%
OJ
13%
baton
12%
grind
12%
Adina
11%
beat
11%
bouquet
11%
even
11%
mines"
11%
right
11%
tell
11%
Ali
10%
look
10%
at
9%
game
9%
mobbin'
9%
mothafuckin'
9%
street,
9%
ball
8%
city,
8%
Hit
8%
sell
8%
then
8%
Boy
7%
defeat
7%
dough
7%
failure
7%
options
7%
blind
6%
confined
6%
goin'
6%
audible,
5%
That's
4%
yellin'
2%
No matching quizzes found
Score Distribution
Percent of People with Each Score
Percentile by Number Answered
Your Score History
You have not taken this quiz